[Event "South African op"]
[Site "Cape Town"]
[Date "2015.07.03"]
[Round "1"]
[White "Gainsford, Ashwin"]
[Black "Van Rensburg, Ryan Pierre"]
[Result "0-1"]
[WhiteElo "1847"]
[BlackElo "2208"]
[PlyCount "62"]
[EventDate "2015.07.03"]
[EventType "swiss"]
[EventRounds "11"]
[EventCountry "RSA"]
[SourceTitle "CBM 167 Extra"]
[Source "ChessBase"]
[SourceDate "2015.09.14"]
[SourceVersion "1"]
[SourceVersionDate "2015.09.14"]
[SourceQuality "1"]

1. Nf3 Nf6 2. d4 e6 3. c3 b6 4. e3 Bb7 5. Bd3 d6 6. Nbd2 Nbd7 7. 0-0 g6 8. Qe2 Bg7 9. e4 e5 10. dxe5 dxe5 11. b4 0-0 12. Nc4 Re8 13. Bg5 h6 14. Bh4 g5 15. Bg3 Nh5 16. Ne3 Nf4 17. Bxf4 exf4 18. Nf5 Qf6 19. Qc2 Rad8 20. Rad1 g4 21. N3d4 h5 22. Nxg7 Kxg7 23. Nf5+ Kh8 24. f3 Ne5 25. Be2 gxf3 26. gxf3 Rg8+ 27. Kh1 Rxd1 28. Qxd1 Bc8 29. Qc1 Bxf5 30. Qxf4 Qg7 31. Qg3 Be6 0-1